| 000 | 00564nam a2200205 a 4500 | ||
|---|---|---|---|
| 005 | 20240223063618.0 | ||
| 008 | 991125 mx 000 0 spa u | ||
| 020 |
_a9681639138 _a968164753X |
||
| 035 | _aUPN01000044594 | ||
| 049 | _aI | ||
| 050 | 4 | _aPZ48.2 M3.68 | |
| 100 | 1 | _aMalerba, Luigi | |
| 245 | 1 | 0 |
_aPinocho con botas / _ctr. Fabio Morábito |
| 260 |
_aMéxico : _bFCE |
||
| 300 |
_a63 p. : _bil. |
||
| 440 | 2 |
_aA la orilla del viento; _v23 |
|
| 650 | 0 |
_aCuentos italianos _913136 |
|
| 650 | 4 |
_aLiteratura infantil italiana _911122 |
|
| 905 | _aInfantil | ||
| 999 |
_c44594 _d44594 |
||